Catálogo
 En Linea

Ley orgánica de enseñanza pública. Ley para la dirección de la enseñanza públi.. (Registro nro. 32194)

Detalles MARC
000 -CABECERA
campo de control de longitud fija 00303nam a2200097 a 4500
005 - FECHA Y HORA DE LA ÚLTIMA TRANSACCIÓN
campo de control 20200930065803.0
008 - DATOS DE LONGITUD FIJA--INFORMACIÓN GENERAL
campo de control de longitud fija 110725s1929 000 spa d
040 ## - FUENTE DE LA CATALOGACIÓN
Centro catalogador/agencia de origen DO-SdBNP
245 #0 - MENCIÓN DE TÍTULO
Título Ley orgánica de enseñanza pública. Ley para la dirección de la enseñanza públi..
260 ## - PUBLICACIÓN, DISTRIBUCIÓN, ETC.
Lugar de publicación, distribución, etc. Santo Domingo,
Fecha de publicación, distribución, etc. 1929.

No hay ítems disponibles.

Con tecnología Koha